000 01316nam a2200325 i 4500
003 EG-GICUC
005 20260204073002.0
008 260119s1977 ua ||||fr|||| 00| 0 ara d
040 _a EG-GICUC
_bara
_c EG-GICUC
_d EG-GICUC
_erda
041 1 _aara
082 0 4 _221
_a345.25
_b إ ص
092 0 4 _221
099 _aLaw1 07 345.25 إ ص 1977
100 0 _a صبحي محرم.
_eمترجم.
245 1 0 _aإصلاح الحكم المحلي :
_bتحليل لخبرات مجموعة مختارة من الدول /
_cترجمة و إعداد صبحي محرم.
264 1 _aالقاهرة:
_bالمنظمة العريبة للعلوم الإدارية ،
_c1977.
300 _a175؛صفحة
_c24 سم
336 _2rda content
_atext
337 _2rda media
_aComputer
338 _2rda carrier
_aOnline Resource
490 _aسلسلة الفكر الإداري المعاصر
_v19
504 _aيشتمل على إرجاعات ببليوجرافية.
546 _aالنص أغلبه باللغة العربية بعض النصوص الإنجليزية والفرنسية
650 1 _aالقانون الإداري
_2qrmak
650 1 _aالحكم المحلي
651 1 _2qrmak
856 4 0 _uhttps://fll.law.cu.edu.eg/fulltext/bks/B07-00052.pdf
905 _a74
942 _2ddc
_n0
_cBK
_e21
999 _c57953
_d57953